000 01223nam a2200277 a 4500
008 120416s1993 ||||||||||||||||| || u
020 _a0521457114
050 _aHD 1336 Ell.
100 _aEllis, Frank
245 1 0 _aPeasant economics
246 _afarm households and agrarian development
250 _a2nd ed.
260 _aCambridge
_bThe University Press
_c1993
300 _axviii, 309 p. : ill.
350 _a0.00
490 _aWye studies in agricultural and rural development
650 0 _aECONOMICS
650 _aPEASANTRY--DEVELOPING COUNTRIES--ECONOMIC CONDITIONS
650 _aPEASANTRY--DEVELOPING COUNTRIES--SOCIAL CONDITIONS
650 _aQUALITY OF LIFE--DEVELOPING COUNTRIES
650 _aDEVELOPING COUNTRIES--RURAL CONDITIONS
856 _uhttp://www.loc.gov/catdir/description/cam026/94153439.html
856 _uhttp://www.loc.gov/catdir/toc/cam029/94153439.html
995 _D0.00
_FCBU-MAIN LIBRARY (Kitwe)
_H1
_I15.95
_M1
_UAVAILABLE
_ZAnnex Low-Usage Collection
995 _D0.00
_FCBU-MAIN LIBRARY (Kitwe)
_H2
_I15.95
_M2
_UAVAILABLE
_ZAnnex Low-Usage Collection
999 _c81775
_d81775